000
00283nam a2200109Ia 4500
008
231129s9999||||xx |||||||||||||| ||spa||
040
_b
spa
082
_a
759.6 V434V
245
0
_a
La obra pictórica completa de Velázquez
264
_a
Barcelona España : Noguer
942
_2
ddc
_c
BKS
999
_c
17802
_d
17802